• 首页
  • 本馆介绍
  • 公告通知
  • 最新文献
  • 馆藏检索
  • 电子资源
  • 读者导购
  • 参考咨询
  • 我的图书馆
  • 登录
  • 详细信息显示
  • 放入我的书架
  • 预约/预借图书
  • 作者相关作品
  • 分类相关作品
  • 丛书相关作品
  • 出版社相关作品

书目信息

  • 表格格式
  • 工作单格式
  • 卡片格式
题名:
你是那人间四月天
    
 
作者: 林徽因 , 姜雯漪 著
分册:  
出版信息: 北京   中国华侨出版社  2016
页数: 381页
开本: 25cm
丛书名:
单 册:
中图分类: I216.2 , K826.16=71
科图分类:
主题词: 中国文学--现代文学--作品集
电子资源:
ISBN: 978-7-5113-6245-2
000 01200nam0 2200301 450
001 012001001440
005 20140921103355.0
010    @a978-7-5113-6245-2@dCNY59.00
100    @a20170215d2016 em y0chiy50 ea
101 0  @achi
102    @aCN@b110000
105    @aa z 000zb
106    @ar
200 1  @a你是那人间四月天@9ni shi na ren jian si yue tian@e林徽因文集·林徽因传@f林徽因,姜雯漪著
210    @a北京@c中国华侨出版社@d2016
215    @a381页@c图@d25cm
300    @a超值全彩白金版
330    @a本书收录了林徽因的作品,包括诗歌、散文、小说、书信、评论等,同时展现了林徽因的传奇一生,她的才华,她的性格,她的信仰等。
517 1  @a林徽因文集·林徽因传@9lin hui yin wen ji · lin hui yin zhuan
600  0 @a林徽因@f(1904-1955)@x传记
606 0  @a中国文学@x现代文学@x作品集
690    @aI216.2@v5
690    @aK826.16=71@v5
701  0 @a林徽因@9lin hui yin@f(1903~1955)@4著
701  0 @a姜雯漪@9jiang wen yi@4著
777    @bS@c000782406@dS@eS@f000782406@gS@bS@c000782407@dS@eS@f000782407@gS@bS@c000782408@dS@eS@f000782408@gS@bS@c000782409@dS@eS@f000782409@gS@bS@c000782410@dS@eS@f000782410@gS
801  0 @aCN@b上海新华@c20180901
905    @b1043706-10@dI216.2@e861@f5
    
    你是那人间四月天:林徽因文集·林徽因传/林徽因,姜雯漪著.-北京:中国华侨出版社,2016
    381页:图;25cm
    超值全彩白金版
    
    ISBN 978-7-5113-6245-2:CNY59.00
    本书收录了林徽因的作品,包括诗歌、散文、小说、书信、评论等,同时展现了林徽因的传奇一生,她的才华,她的性格,她的信仰等。
●
相关链接 在E读中查询图书 在五车中查询图书 在当当中查询图书 在豆瓣中查询图书


正题名:你是那人间四月天     索取号:I216.2/861         预约/预借

序号 登录号 条形码 馆藏地/架位号 状态 备注
1 1043706   210437062   第一样本阅览室/ [索取号:I216.2/861] 在馆    
2 1043707   210437071   密集书库-文学院/ [索取号:I216.2/861] 在馆    
3 1043708   210437080   第二借阅区/ [索取号:I216.2/861] 在馆    
4 1043709   210437099   第二借阅区/ [索取号:I216.2/861] 在馆    
5 1043710   210437106   第二借阅区/ [索取号:I216.2/861] 在馆    
唐山师范学院图书馆 欢迎您!
大连网信软件有限公司© 版权所有